00271nam a2200097Ia 4500008004100000041000800041100001800049245005600067260004200123300000800165230822s1999 xx 000 0 und d aeng aGALLION A. B. aTHE URBAN PATTERN CITY PLANNING AND DESIGN IVTH ED. bCBS PUBLISHERS AND DISTIRBUTORSc1999 a451